[Event "ch-LAT 2013"]
[Site "Riga LAT"]
[Date "2013.04.18"]
[Round "7.1"]
[White "Kovalenko,I"]
[Black "Klimakovs,S"]
[Result "1-0"]
[WhiteElo "2596"]
[BlackElo "2248"]

1.c4 c5 2.Nf3 Nf6 3.Nc3 e6 4.g3 b6 5.Bg2 Bb7 6.O-O d6 7.b3 a6 8.Bb2 Be7 9.d4 cxd4
10.Qxd4 Nbd7 11.Qe3 Qc7 12.Nd4 Bxg2 13.Kxg2 O-O 14.f4 Qb7+ 15.Qf3 Qxf3+ 16.Kxf3 Rfc8
17.Rfd1 g6 18.Rac1 Ra7 19.e3 h5 20.h3 Rac7 21.g4 Kf8 22.Nde2 Nc5 23.Ng3 Rc6
24.Rc2 Rb8 25.Nce2 h4 26.Nh1 a5 27.Nf2 Ne8 28.Nd4 Rcc8 29.Nb5 f5 30.e4 Nxe4
31.Nxe4 fxe4+ 32.Kxe4 d5+ 33.Kf3 Kf7 34.Be5 Rb7 35.a4 dxc4 36.Rxc4 Rd8 37.Rxd8 Bxd8
38.g5 Rd7 39.Kg4 Rd3 40.Rd4 Rxd4 41.Nxd4 Bc7 42.Nf3 Bd6 43.Bxd6 Nxd6 44.Ne5+ Kg7
45.Nc4 Nf5 46.Nxb6 Nd4 47.Kxh4 Nxb3 48.Kg4 Kf7 49.Kf3 Ke7 50.Ke4 Kd6 51.h4 Nc5+
52.Kd4 Nb3+ 53.Kc3 Nc1 54.Nc4+ Kd5 55.h5 gxh5 56.g6 Ne2+ 57.Kb2 Kxc4 58.g7 Nxf4
59.g8=Q Kd4 60.Qd8+  1-0

[Event "13th BCC Open 2013"]
[Site "Pattaya THA"]
[Date "2013.04.20"]
[Round "8.3"]
[White "Gustafsson,J"]
[Black "Horvath,Ad1"]
[Result "1-0"]
[WhiteElo "2621"]
[BlackElo "2509"]

1.Nf3 Nf6 2.c4 e6 3.Nc3 c5 4.g3 b6 5.Bg2 Bb7 6.O-O Be7 7.d4 Ne4 8.Qc2 Nxc3
9.bxc3 Nc6 10.Rd1 Na5 11.dxc5 Bxc5 12.Ne5 Bxg2 13.Nxd7 Bc6 14.Nxc5 Qc8 15.Ne4 Bxe4
16.Qxe4 O-O 17.Ba3 Re8 18.c5 bxc5 19.Rab1 f5 20.Qa4 Nc6 21.Bxc5 Ne5 22.Bd4 Nf7
23.c4 e5 24.Bc3 Re7 25.Ba5 f4 26.c5 Qxc5 27.Rbc1  1-0

[Event "TCh-HUN 2012-13"]
[Site "Budapest HUN"]
[Date "2013.04.21"]
[Round "9"]
[White "Szabo,Ben"]
[Black "Szieberth,A"]
[Result "0-1"]
[WhiteElo "2348"]
[BlackElo "2341"]

1.Nf3 e6 2.c4 Nf6 3.Nc3 c5 4.g3 Be7 5.Bg2 O-O 6.O-O d5 7.cxd5 exd5 8.d4 c4
9.Ne5 Nc6 10.Bg5 h6 11.Bxf6 Bxf6 12.Bxd5 Bxe5 13.dxe5 Bh3 14.Re1 Nxe5 15.Qd4 Re8
16.Rad1 Qe7 17.f4 Nc6 18.Qf2 Nb4 19.Rc1 Rac8 20.Bf3 b6 21.Red1 Be6 22.a3 Na6
23.Nb5 Red8 24.Nd4 Nc5 25.f5 Bd7 26.g4 Na4 27.Rc2 b5 28.h3 a5 29.Kg2 b4 30.axb4 axb4
31.Rdc1 c3 32.bxc3 Rxc3 33.Rxc3 Nxc3 34.Ra1 Ba4 35.Rxa4 Nxa4 36.Nc6 Qd6 37.Nxd8 Qxd8
38.Qa7 Nc3 39.Qb7 Qd4 40.h4 Nd1 41.g5 Ne3+ 42.Kh3 hxg5 43.hxg5 Qc5 44.Qa8+ Kh7
45.g6+ fxg6 46.fxg6+ Kxg6 47.Qe8+ Kf6 48.Qd8+ Kf7 49.Qd7+ Qe7 50.Bh5+ Kf6
51.Qd4+ Qe5 52.Qd8+ Kf5 53.Bf3 Qe6 54.Qd3+ Kf4+ 55.Kh2 Qh6+ 56.Kg1 Kg3  0-1

[Event "Nakhchivan Open A 2013"]
[Site "Nakhchivan AZE"]
[Date "2013.04.25"]
[Round "4.25"]
[White "Javakhadze,Z"]
[Black "Idrisov,T"]
[Result "1-0"]
[WhiteElo "2448"]
[BlackElo "2259"]

1.c4 Nf6 2.Nc3 c5 3.Nf3 e6 4.d4 cxd4 5.Nxd4 a6 6.g3 Qc7 7.Bg2 Be7 8.O-O O-O
9.Bf4 d6 10.Nb3 Qxc4 11.Bxd6 Bxd6 12.Qxd6 Nc6 13.Rfd1 e5 14.Rac1 Be6 15.Bxc6 bxc6
16.Na5 Qg4 17.Qxe5 Qh3 18.f3 Rfe8 19.Qc5 Nd7 20.Qf2 Ne5 21.b3 Qh5 22.Nb7 Qg6
23.Rd6 h5 24.Qd4 f6 25.Nc5 Bh3 26.Kf2 Nf7 27.Rxc6 Rad8 28.Qc4 Qg5 29.N3e4 Qg6
30.Nd6 Rxd6 31.Rxd6 Kh8 32.Rd2 Ne5 33.Qd4 Bf5 34.Nb7 Be6 35.Rcd1 Qg5 36.Qf4 Qg6
37.Rd8 Rxd8 38.Rxd8+ Kh7 39.Nd6 Qc2 40.Qe4+  1-0

[Event "TCh-CZE Extraliga 2012-13"]
[Site "Czech Republic CZE"]
[Date "2013.04.27"]
[Round "10.2"]
[White "Cyborowski,L"]
[Black "Petrik,T"]
[Result "1-0"]
[WhiteElo "2526"]
[BlackElo "2534"]

1.c4 Nf6 2.Nc3 e6 3.Nf3 c5 4.e3 d6 5.d4 Nbd7 6.Be2 Be7 7.O-O O-O 8.e4 cxd4
9.Nxd4 a6 10.Be3 Qc7 11.Rc1 b6 12.Qd2 Bb7 13.f3 Rac8 14.Rfd1 Rfe8 15.Bf1 Qb8
16.Kh1 Bd8 17.Bg1 Bc7 18.Rb1 Kh8 19.b4 Qa8 20.Nb3 Rg8 21.a4 g5 22.a5 bxa5
23.Nxa5 g4 24.Nxb7 Qxb7 25.f4 g3 26.h3 e5 27.fxe5 Nxe5 28.Nd5 Nxe4 29.Qf4 f5
30.Ne7 Rg6 31.Bd4 Re8 32.Nxg6+ hxg6 33.Qh6+ Kg8 34.c5 d5 35.Bxe5 Bxe5 36.Qxg6+ Kf8
37.Qxf5+ Kg7 38.Kg1 a5 39.Bc4 Nc3 40.Qg5+ Kh8 41.Qh5+  1-0

[Event "Western Pacific Open 2013"]
[Site "Los Angeles USA"]
[Date "2013.04.27"]
[Round "3"]
[White "Ramadoss,A"]
[Black "Peters,Ja"]
[Result "0-1"]
[WhiteElo "2114"]
[BlackElo "2351"]

1.Nf3 c5 2.c4 Nf6 3.Nc3 e6 4.g3 d5 5.cxd5 Nxd5 6.Bg2 Nc6 7.O-O Be7 8.d3 O-O
9.Bd2 b6 10.Qa4 Bd7 11.Rfc1 Nc7 12.Qd1 Rc8 13.a3 Re8 14.Rab1 h6 15.Bf4 Nd5
16.Bd2 Bf8 17.h3 Nc7 18.Na2 e5 19.b4 Nd4 20.bxc5 Nxf3+ 21.exf3 Bxc5 22.Bb4 Bd4
23.Qe2 Bf5 24.Rd1 Nd5 25.Rbc1 Rxc1 26.Rxc1 a5 27.Bc3 Nxc3 28.Nxc3 Qg5  0-1

[Event "TCh-CZE Extraliga 2012-13"]
[Site "Czech Republic CZE"]
[Date "2013.04.28"]
[Round "11.1"]
[White "Movsesian,S"]
[Black "Babula,V"]
[Result "1-0"]
[WhiteElo "2688"]
[BlackElo "2585"]

1.c4 Nf6 2.Nc3 c5 3.Nf3 d5 4.cxd5 Nxd5 5.g3 Nc6 6.Bg2 Nc7 7.d3 e5 8.Nd2 Be7
9.Nc4 f6 10.f4 exf4 11.Bxf4 Nd4 12.Bxc7 Qxc7 13.e3 Nc6 14.Qb3 Be6 15.Nb5 Qd7
16.Nbd6+ Bxd6 17.Qxb7 Bxg3+ 18.hxg3 Qxb7 19.Nd6+ Ke7 20.Nxb7 Nb4 21.Nxc5 Rab8
22.Kd2 Na6 23.Nb3 Bxb3 24.axb3 Rxb3 25.Rxa6 Rxb2+ 26.Kc3 Rxg2 27.Rxa7+ Ke6
28.Rxg7 Rc8+ 29.Kd4 Ra2 30.Ke4 f5+ 31.Kf3 Rcc2 32.Rh6+ Ke5 33.Re7+ Kd5 34.Rd7+ Kc5
35.Rc7+ Kd5  1-0

[Event "48th Capablanca Open I 2013"]
[Site "Havana CUB"]
[Date "2013.04.28"]
[Round "7.37"]
[White "Vilela de Acuna,J"]
[Black "Lebredo Zaragoitia,G"]
[Result "1/2-1/2"]
[WhiteElo "2326"]
[BlackElo "2200"]

1.Nf3 Nf6 2.c4 c5 3.Nc3 b6 4.g3 Bb7 5.Bg2 g6 6.b3 Bg7 7.Bb2 O-O 8.O-O Na6
9.Rc1 d5 10.cxd5 Nb4 11.a3 Nbxd5 12.Qc2 Nxc3 13.Bxc3 Rc8 14.d3 Qd5 15.Rfd1 Qh5
16.e4 Nd7 17.Bxg7 Kxg7 18.Qb2+ f6 19.b4 e5 20.Nh4 Rcd8 21.Bh3 Kh8 22.Be6 cxb4
23.axb4  1/2-1/2

[Event "48th Capablanca Open II 2013"]
[Site "Havana CUB"]
[Date "2013.04.29"]
[Round "8.26"]
[White "Garcia Matos,R"]
[Black "Espin Diaz,E"]
[Result "1-0"]
[WhiteElo "2253"]
[BlackElo "1870"]

1.Nf3 Nf6 2.c4 c5 3.Nc3 e6 4.g3 b6 5.Bg2 Bb7 6.O-O Be7 7.d4 cxd4 8.Qxd4 Nc6
9.Qf4 a6 10.Rd1 d6 11.b3 Qb8 12.e4 O-O 13.Bb2 Rd8 14.Rac1 Ne5 15.Nd4 Bf8
16.h3 Qa7 17.Qe3 Ned7 18.Nde2 Rac8 19.g4 Qa8 20.Ng3 Bc6 21.g5 Ne8 22.h4 b5
23.h5 g6 24.Nce2 bxc4 25.Rxc4 Ne5 26.Rcd4 Bg7 27.R4d2 Qb8 28.Nd4 Ba8 29.f4 Nc6
30.hxg6 hxg6 31.Nf3 Bxb2 32.Rxb2 d5 33.e5 Ng7 34.Nd4 Qa7 35.Kf2 Nxd4 36.Qxd4 Qxd4+
37.Rxd4 Rc1 38.Ra4 Bb7 39.Rb4 Rc7 40.Ne2 Nf5 41.Bh3 Ne7 42.Nd4 Rdc8 43.Rd2 Bc6
44.Rb6 a5 45.Bf1 Kg7 46.Rc2 Bb7 47.Rxc7 Rxc7 48.Rxe6 Nc8 49.Rf6 Rc1 50.e6 Nd6
51.Bd3 Ba6 52.e7 Ne4+ 53.Bxe4  1-0

[Event "Zonal 2.4 Absoluto 2013"]
[Site "Manaus BRA"]
[Date "2013.05.01"]
[Round "7.21"]
[White "Barata,A"]
[Black "Chang,S"]
[Result "1-0"]
[WhiteElo "2147"]
[BlackElo "1972"]

1.Nf3 Nf6 2.c4 g6 3.Nc3 c5 4.g3 Bg7 5.Bg2 O-O 6.O-O d5 7.cxd5 Nxd5 8.Qb3 Nb6
9.d3 Nc6 10.Qb5 Nd7 11.Ne4 a6 12.Qb3 h6 13.Bd2 Rb8 14.Rac1 b6 15.Bc3 Bb7
16.Bxg7 Kxg7 17.Qc3+ Kh7 18.h4 Nb4 19.Ra1 Nd5 20.Qc1 N7f6 21.Rd1 Qc7 22.a3 Rfc8
23.Qc2 Qd8 24.Rac1 Qh8 25.Bh3 Rd8 26.Qc4 Qe8 27.b4 cxb4 28.axb4 e6 29.Ne5 Rbc8
30.Nxf6+ Nxf6 31.Qf4 Kg7 32.Bg2 Bxg2 33.Kxg2 Qb5 34.g4 Qe8 35.g5 hxg5 36.hxg5 Nh5
37.Qe3 Qb5 38.Qe4 Kf8 39.Kf1 Qd5 40.Qxd5 exd5 41.Rxc8 Rxc8 42.Nd7+ Ke7 43.Nxb6 Rc2
44.Nxd5+ Ke6 45.e4 Ke5 46.Ra1 Kd4 47.Rd1 Rb2 48.Ne7 Rc2 49.Nd5 Rb2 50.Kg2 Ng7
51.Nf4 Ke5 52.Kf3 Rxb4 53.Ra1 Rb6 54.Ra5+ Kd6 55.Nd5 Rb3 56.Rxa6+ Ke5 57.Ke3  1-0

[Event "46th ch-JPN"]
[Site "Tokyo JPN"]
[Date "2013.05.01"]
[Round "1.1"]
[White "Kojima,S"]
[Black "Gonda,G"]
[Result "1-0"]
[WhiteElo "2384"]
[BlackElo "2078"]

1.Nf3 Nf6 2.c4 e6 3.Nc3 c5 4.g3 b6 5.Bg2 Bb7 6.O-O Be7 7.d4 cxd4 8.Qxd4 O-O
9.Rd1 Nc6 10.Qf4 d6 11.b3 Qb8 12.Bb2 Rd8 13.Rac1 a6 14.Ng5 Ne5 15.Bxb7 Qxb7
16.Nce4 Ng6 17.Qf3 Nxe4 18.Qxf7+  1-0

[Event "Mistrzostwa Malopolski A"]
[Site "Krakow POL"]
[Date "2013.05.03"]
[Round "7.9"]
[White "Chmiel,M"]
[Black "Shilov,S"]
[Result "1/2-1/2"]
[WhiteElo "1956"]
[BlackElo "2217"]

1.Nf3 Nf6 2.c4 c5 3.Nc3 e6 4.g3 b6 5.Bg2 Bb7 6.O-O Be7 7.d4 cxd4 8.Qxd4 Nc6
9.Qf4 O-O 10.Rd1 a6 11.b3 b5 12.cxb5 axb5 13.Nxb5 Nd5 14.Rxd5 exd5 15.Bb2 d4
16.Nfxd4 Nxd4 17.Bxd4 Bxg2 18.Kxg2 Bg5 19.Qf3 Ra6 20.a4 Re6 21.a5 Qc8 22.e3 Bf6
23.Kh1 Bxd4 24.Nxd4 Qc3 25.Ra4 Ra6 26.b4 Rb8 27.Qe2 Raa8 28.Qf3 Ra6 29.Qe2 Raa8
30.Qf3 Ra7 31.Qe4 h6 32.Qb1 Ra6 33.Qc2 Qe1+ 34.Kg2 Ra7 35.Qc5 Ra6 36.Qc2 g6
37.Qe2 Qxe2 38.Nxe2 Kf8 39.Nd4 Rba8 40.Nc2 Rb8 41.Nd4 Rba8 42.Kf3 Ke7 43.Ke2 Kd6
44.Kd3 Kc7 45.Ra3 Kb7 46.Ra2  1/2-1/2

[Event "Llucmajor Open 2013"]
[Site "Llucmajor ESP"]
[Date "2013.05.04"]
[Round "8.4"]
[White "Arribas Lopez,A"]
[Black "Almagro Llamas,P"]
[Result "1-0"]
[WhiteElo "2494"]
[BlackElo "2442"]

1.Nf3 Nf6 2.c4 c5 3.Nc3 e6 4.e3 Be7 5.d4 cxd4 6.Nxd4 O-O 7.Ndb5 d6 8.Be2 a6
9.Na3 Qc7 10.Qc2 b6 11.e4 Bb7 12.O-O Nbd7 13.Be3 Rac8 14.Rac1 Qb8 15.Qb1 Nc5
16.Bf3 Qa8 17.Rfd1 Nfxe4 18.Nxe4 Bxe4 19.Bxe4 Qxe4 20.Qxe4 Nxe4 21.b4 d5
22.f3 Bxb4 23.Nc2 Nc3 24.Nxb4 Nxd1 25.Rxd1 Rxc4 26.a3 a5 27.Nd3 Rb8 28.Ne5 Rc7
29.Bf4 Rbc8 30.Be3 f6 31.Nd3 Rc6 32.f4 b5 33.Bd2 a4 34.Nb4 Rc4 35.f5 e5 36.Nxd5 Rd8
37.Ba5 Ra8 38.Bb6 Rb8 39.Bf2 Kf7 40.Nb4 Rb7 41.h3 g6 42.fxg6+ Ke6 43.Na6 Kf5
44.Nc5 Rc7 45.gxh7 Rxh7 46.Nd7 Rf7 47.g4+ Kg6 48.Rd6 Kg5 49.Be3+ Kh4 50.Kg2 Rc3
51.Bf2+ Kg5 52.Nc5 f5 53.Ne6+ Kf6 54.Bh4+ Kg6 55.Ng5+ Kg7 56.Nxf7 Kxf7 57.gxf5  1-0

[Event "31st Liechtenstein Open 2013"]
[Site "Triesen LIE"]
[Date "2013.05.04"]
[Round "2.17"]
[White "Sarmir,M"]
[Black "Schiendorfer,F"]
[Result "1/2-1/2"]
[WhiteElo "2059"]
[BlackElo "2162"]

1.Nf3 c5 2.c4 Nf6 3.Nc3 e6 4.g3 b6 5.Bg2 Bb7 6.O-O Be7 7.e3 O-O 8.b3 d5 9.cxd5 Nxd5
10.Bb2 Bf6 11.d4 Nd7 12.Nxd5 Bxd5 13.Qe2 cxd4 14.Nxd4 Bxg2 15.Kxg2 Nc5 16.Rfd1 Qd5+
17.Nf3 Qf5 18.Bxf6  1/2-1/2

[Event "31st Liechtenstein Open 2013"]
[Site "Triesen LIE"]
[Date "2013.05.06"]
[Round "4.2"]
[White "Izsak,Gyu"]
[Black "Rooze,J"]
[Result "1-0"]
[WhiteElo "2445"]
[BlackElo "2372"]

1.Nf3 c5 2.c4 Nf6 3.Nc3 e6 4.d4 cxd4 5.Nxd4 a6 6.e4 Qc7 7.a3 b6 8.Be3 Bb7
9.f3 d6 10.Rc1 Nbd7 11.Be2 Be7 12.O-O O-O 13.Qd2 Rac8 14.Rfd1 Qb8 15.b4 Rfe8
16.Kh1 h5 17.Nb3 h4 18.Bf4 Ne5 19.Bxe5 dxe5 20.Qe3 Rc6 21.Na4 h3 22.g3 Bd8
23.c5 b5 24.Nb2 Nh7 25.Na5 Bxa5 26.bxa5 f5 27.Nd3 Nf6 28.Nb4 Qc7 29.Nxc6 Bxc6
30.Kg1 fxe4 31.fxe4 Nxe4 32.Bg4 Nf6 33.Bxh3 Nd5 34.Qe1 e4 35.Qxe4 Nf6 36.Qe2 e5
37.Rd6 e4 38.Qe3 Nd5 39.Qd4 e3 40.Bg2  1-0

[Event "ch-USA 2013"]
[Site "Saint Louis USA"]
[Date "2013.05.07"]
[Round "5"]
[White "Hess,Ro"]
[Black "Arnold,Mar"]
[Result "1-0"]
[WhiteElo "2595"]
[BlackElo "2538"]

1.c4 Nf6 2.Nc3 c5 3.Nf3 e6 4.d4 cxd4 5.Nxd4 Bb4 6.Nb5 a6 7.Nd6+ Ke7 8.Nxc8+ Qxc8
9.Qb3 Nc6 10.Bd2 Rd8 11.g3 Bc5 12.Bg2 Qc7 13.O-O d6 14.Qd1 h6 15.Rc1 Qd7
16.Na4 Rac8 17.b4 Ba7 18.b5 Ne5 19.Ba5 Re8 20.b6 Bb8 21.c5 d5 22.f4 Nc6 23.Bd2 Red8
24.Nb2 Ne4 25.Be1 f5 26.g4 Rg8 27.gxf5 exf5 28.Nd3 g5 29.e3 Rg6 30.Nb4 Nxb4
31.Bxb4 Qc6 32.Kh1 gxf4 33.exf4 Rcg8 34.Rc2 Kf7 35.Qh5 Ke6 36.Bh3 Rf6 37.Rg2 d4
38.Be1 Qe8 39.Qf3 Kf7 40.Rfg1 Rxg2 41.Qxg2 Bxf4 42.Bxf5 Ng5 43.Qxb7+ Kf8
44.Qc8 Qxc8 45.Bxc8 Nf3 46.Bg3  1-0

[Event "31st Liechtenstein Open 2013"]
[Site "Triesen LIE"]
[Date "2013.05.07"]
[Round "5.19"]
[White "Tarnutzer,W"]
[Black "Partenheimer,A"]
[Result "1/2-1/2"]
[WhiteElo "2007"]
[BlackElo "2172"]

1.c4 c5 2.Nf3 Nf6 3.Nc3 e6 4.e3 Nc6 5.d4 d5 6.dxc5 Bxc5 7.cxd5 Nxd5 8.Nxd5 exd5
9.Be2 O-O 10.O-O Be6 11.a3 Rc8 12.b4 Be7 13.Bb2 Bf6 14.Qd2  1/2-1/2

[Event "Oceania Open zt 2013"]
[Site "Nadi FIJ"]
[Date "2013.05.08"]
[Round "7.2"]
[White "Bjelobrk,I"]
[Black "Muller,J"]
[Result "1-0"]
[WhiteElo "2329"]
[BlackElo "2039"]

1.Nf3 Nf6 2.c4 c5 3.Nc3 b6 4.g3 Bb7 5.Bg2 e6 6.O-O Be7 7.d4 cxd4 8.Qxd4 d6
9.Rd1 a6 10.Ng5 Bxg2 11.Kxg2 Nc6 12.Qd3 Ra7 13.Nce4 Rd7 14.Nxf6+ Bxf6 15.Nxh7 Rxh7
16.Qe4 Rh5 17.Qxc6 Rc5 18.Qa4 Qa8+ 19.Kg1 Qc6 20.Qxc6 Rxc6 21.Be3 Rxc4 22.Rac1 d5
23.b3 Rxc1 24.Rxc1 Rd6 25.Rc8+ Kd7 26.Rf8 Ke7 27.Ra8 d4 28.Bd2 Rc6 29.Bb4+ Kd7
30.Rxa6 Rc2 31.Kf1 e5 32.a4 Bd8 33.a5 bxa5 34.Bxa5 Bxa5 35.Rxa5 Ke6 36.f3 d3
37.exd3 Rxh2 38.Ke1 Rb2 39.Rb5 Kd6 40.f4 exf4 41.gxf4 f6 42.Kd1 g5 43.Kc1 Rg2
44.Rb6+ Kd5 45.Rxf6 Kd4 46.fxg5 Kxd3 47.Rf5 Kc3 48.Kd1 Kxb3 49.Ke1 Kc4 50.Kf1 Rg4
51.Kf2 Kd4 52.Kf3 Rg1 53.Kf4 Rf1+ 54.Kg4 Rg1+ 55.Kh5 Ke4 56.Rf8 Ke5 57.g6 Rh1+
58.Kg5 Rg1+ 59.Kh6 Rh1+ 60.Kg7 Rg1 61.Kh7 Rh1+ 62.Kg8 Ke6 63.g7 Ke7 64.Rf4 Ra1
65.Rf7+ Ke8 66.Rf6 Ke7 67.Kh7 Rh1+ 68.Rh6  1-0

[Event "Oceania Open zt 2013"]
[Site "Nadi FIJ"]
[Date "2013.05.10"]
[Round "9.8"]
[White "Mandla,B"]
[Black "Muller,J"]
[Result "1-0"]
[WhiteElo "2123"]
[BlackElo "2039"]

1.c4 c5 2.Nf3 Nf6 3.Nc3 b6 4.g3 Bb7 5.Bg2 e6 6.O-O Be7 7.d4 cxd4 8.Qxd4 Nc6
9.Qf4 d6 10.Rd1 a6 11.b3 Qc7 12.Ba3 Rd8 13.Ng5 Ne5 14.Bxb7 Qxb7 15.Nce4 Ng6
16.Qf3 d5 17.cxd5 Bxa3 18.dxe6 Rxd1+ 19.Rxd1 Nxe4 20.Rd7 Ne5 21.Rxb7 Nxf3+
22.exf3 Nxg5 23.Rb8+ Ke7 24.Rxh8 Nxf3+ 25.Kg2 Ne1+ 26.Kf1 Nd3 27.Rxh7 Bb2
28.exf7 Kxf7 29.Rh4 b5 30.a4 Bf6 31.axb5 axb5 32.Re4 b4 33.Ke2 Nc1+ 34.Kf1 Nxb3
35.Rxb4 Nd4 36.h4 Ke6 37.Ra4 Kd5 38.Ke1 Ke4 39.Kf1 Kf3 40.Ra3+ Kg4 41.Kg2 Kf5
42.f3 Ne6 43.Ra4 Nd4 44.Ra5+ Kg6 45.Rd5 Kf7 46.f4 Ke6 47.Ra5 Nf5 48.Kh3 Bc3
49.Ra6+ Kd5 50.Kg4 Ne3+ 51.Kf3 Nf5 52.h5 Nd4+ 53.Kg4 Ke4 54.Ra8 Ne2 55.Re8+ Kd3
56.f5 Be1 57.Re7 Bc3 58.Re6 Bd4 59.h6 gxh6 60.f6 h5+ 61.Kf3 Ng1+ 62.Kg2 Ne2
63.f7 Bc5 64.Re5 Bb4 65.Rxh5 Ke3 66.Re5+ Kd3 67.Re8 Nd4 68.g4 Nc6 69.g5 Kd4
70.g6  1-0

[Event "SCT Seniors 2013"]
[Site "Stockholm SWE"]
[Date "2013.05.10"]
[Round "5.5"]
[White "Vul,A"]
[Black "Petkevich,J"]
[Result "1/2-1/2"]
[WhiteElo "2314"]
[BlackElo "2376"]

1.Nf3 Nf6 2.c4 e6 3.Nc3 c5 4.g3 d5 5.cxd5 exd5 6.d4 Nc6 7.Bg2 cxd4 8.Nxd4 Be7
9.O-O O-O 10.Be3 Re8 11.Nxc6 bxc6 12.Na4 Bg4 13.h3 Bh5 14.Rc1 Qd7 15.Bc5 Bd6
16.Re1 Ne4 17.Bxd6 Nxd6 18.Nc5 Qe7 19.Nd3 Rac8 20.Nf4 Bg6 21.Nxg6 hxg6 22.Qd4 Qb7
23.e3 Ne4 24.Red1 Ng5 25.b4 Ne6 26.Qc3 Red8 27.a3  1/2-1/2

[Event "31st Liechtenstein Open 2013"]
[Site "Triesen LIE"]
[Date "2013.05.10"]
[Round "8.4"]
[White "Izsak,Gyu"]
[Black "Meng,R"]
[Result "1-0"]
[WhiteElo "2445"]
[BlackElo "2308"]

1.Nf3 c5 2.c4 Nf6 3.Nc3 e6 4.d4 cxd4 5.Nxd4 a6 6.a3 b6 7.e4 Qc7 8.Be3 Bb7
9.f3 Be7 10.Rc1 O-O 11.Be2 d6 12.O-O Nbd7 13.b4 Rac8 14.Qd2 Qb8 15.Rfd1 Rfe8
16.Nb3 Bd8 17.Bf4 Ne5 18.Bxe5 dxe5 19.c5 Bc7 20.Qe3 b5 21.a4 bxa4 22.Nxa4 Bc6
23.Nb6 Bxb6 24.cxb6 Ba4 25.Bxa6 Bxb3 26.Rxc8 Rxc8 27.b7 Rf8 28.Rc1 Qd6 29.Qc5 Qxa6
30.Qxf8+ Kxf8 31.b8=Q+ Ne8 32.b5 Qa3 33.Rc8 Qe7 34.b6 Ba4 35.b7 Qb4 36.h3 Bd7
37.Qa7 Qd4+ 38.Kh2 Qd2 39.Qc5+ Kg8 40.Rxe8+ Bxe8 41.b8=Q Qf4+ 42.Kh1  1-0

[Event "Tschaturanga Open 2013"]
[Site "Vienna AUT"]
[Date "2013.05.12"]
[Round "7.7"]
[White "Steinert,Mart"]
[Black "Sadilek,P"]
[Result "0-1"]
[WhiteElo "2144"]
[BlackElo "2275"]

1.Nf3 Nf6 2.c4 c5 3.Nc3 e6 4.e3 a6 5.d4 d5 6.Be2 Nc6 7.O-O Bd6 8.a3 O-O 9.dxc5 Bxc5
10.b4 Bd6 11.Bb2 dxc4 12.Bxc4 Qe7 13.Qe2 e5 14.e4 Bg4 15.Nd5 Nxd5 16.Bxd5 a5
17.b5 Nd8 18.Qd3 Ne6 19.g3 Nc5 20.Qe3 Na4 21.Bc1 Bc5 22.Qb3 Qf6 23.Kg2 Nb6
24.Ng1 a4 25.Qa2 Bd4 26.Rb1 Nxd5 27.exd5 Bf5 28.Rb4 Rfd8 29.Be3 Be4+ 30.f3 Bxd5
31.Qf2 Bc3 32.Rg4 h6 33.Qe2 Bd4 34.Bxd4 exd4 35.Qd3 Be6 36.Rf4 Qe5 37.Rd1 Bb3
38.Rxd4 Rxd4 39.Qxd4 Qxb5 40.Rd2 Re8 41.Kf2 Qh5 42.h4 Qf5 43.Qd7 Qe5 44.Ne2 Qe3+
45.Kg2 Bc4 46.Nf4 Bb5 47.Qd6 Bf1+ 48.Kh2 Qxf3 49.h5 Bb5 50.Qd5 Qxd5 51.Rxd5 Bc6  0-1

[Event "6th Calgary International 2013"]
[Site "Calgary CAN"]
[Date "2013.05.15"]
[Round "2"]
[White "Haessel,D"]
[Black "Langer,M USA"]
[Result "1-0"]
[WhiteElo "2171"]
[BlackElo "2237"]

1.Nf3 c5 2.c4 Nf6 3.Nc3 d5 4.cxd5 Nxd5 5.e4 Nb4 6.Bc4 Nd3+ 7.Ke2 Nf4+ 8.Kf1 Ne6
9.b4 cxb4 10.Ne2 g6 11.Bb2 Bg7 12.Bxe6 Bxb2 13.Bxf7+ Kf8 14.Rb1 Bf6 15.Bc4 Nc6
16.d4 Bg4 17.e5 Bg7 18.Ng5 Qc8 19.Qd2 Bh6 20.Rc1 Kg7 21.f3 Qf5 22.h4 Bxg5
23.hxg5 Bxf3 24.gxf3 Qxf3+ 25.Kg1 Qg4+ 26.Kh2 Qh4+ 27.Kg2 Qe4+ 28.Kg3 Rad8
29.Rh4 Qf5 30.Bd3 Qf7 31.Qe3 Qxa2 32.Qe4 Qf7 33.Rf4 Qd5 34.Qxd5  1-0

[Event "10th Orlova Open"]
[Site "Orlova CZE"]
[Date "2013.05.16"]
[Round "4.2"]
[White "Mitura,V"]
[Black "Sergeev,Vl"]
[Result "0-1"]
[WhiteElo "2128"]
[BlackElo "2430"]

1.Nf3 Nf6 2.c4 c5 3.Nc3 b6 4.g3 Bb7 5.Bg2 e6 6.O-O Be7 7.Re1 d6 8.e4 a6 9.d4 cxd4
10.Nxd4 Qc7 11.Be3 O-O 12.Rc1 Rc8 13.h3 Bf8 14.Nb3 Nbd7 15.Nd2 h6 16.f4 Re8
17.Bf2 Rac8 18.Kh2 Qb8 19.Qe2 Nc5 20.Nb3 Ncd7 21.Nd2 Ba8 22.Rf1 Rc7 23.g4 Rcc8
24.Bg3 g6 25.Bf3 Bg7 26.h4 Bc6 27.g5 hxg5 28.hxg5 Nh7 29.Bg2 b5 30.cxb5 axb5
31.a3 b4 32.axb4 Qxb4 33.Ndb1 Nc5 34.Be1 Rb8 35.Rc2 Nb3 36.Qd1 Qb7 37.Rcf2 Nf8
38.Nd2 Na5 39.Nf3 Nc4 40.Nd4 Ne3 41.Qd3 Nxf1+ 42.Rxf1 Bxd4 43.Qxd4 e5 44.Qxd6 Rbd8
45.Qa3 exf4 46.Rxf4 Ne6 47.Rf1 Rd3 48.Qa2 Qc7+ 49.Kg1 Qe5 50.Qc4 Qd4+ 51.Qxd4 Rxd4
52.Nd5 Bxd5 53.exd5 Nxg5 54.Bc3 Rg4 55.Kf2 Rf4+ 56.Kg1 Rxf1+ 57.Kxf1 Ne4
58.Bxe4 Rxe4 59.d6 Kf8 60.Kf2 Ke8 61.Kf3 f5 62.Ba5 Kd7  0-1

[Event "6th Calgary International 2013"]
[Site "Calgary CAN"]
[Date "2013.05.17"]
[Round "5"]
[White "Piasetski,L"]
[Black "Langer,M USA"]
[Result "1/2-1/2"]
[WhiteElo "2282"]
[BlackElo "2237"]

1.c4 c5 2.Nc3 Nf6 3.Nf3 d5 4.cxd5 Nxd5 5.e4 Nb4 6.Bc4 Nd3+ 7.Ke2 Nf4+ 8.Kf1 Ne6
9.b4 cxb4 10.Ne2 Nc7 11.d4 b5 12.Bd3 e6 13.Qc2 Bb7 14.Bg5 Be7 15.h4 a5 16.Rd1 Ra6
17.Rh3 Nd7 18.d5 exd5 19.Bxe7 Kxe7 20.Nfd4 Kf8 21.e5 Ne6 22.Bxb5 Rb6 23.Qa4 Ba6
24.Bxa6 Rxa6 25.Qb5 Nec5 26.Nb3 Qb6 27.Qxb6 Rxb6 28.Nxc5 Nxc5 29.Rc1 Rc6
30.Nd4 Rc7 31.Nb5 Rc6 32.Nd4 Rc7 33.Nb3 Ne6 34.Rxc7 Nxc7 35.Nxa5 Ke7 36.Nc6+ Ke6
37.Re3 Na6 38.Nd4+ Kd7 39.f4 Rc8 40.f5 Rc4 41.e6+ fxe6 42.Nxe6 Rxh4 43.Nxg7 Nc5
44.Ne6 Ne4 45.Ke2 Kd6 46.a3 bxa3 47.Rxa3 Ke5 48.Ra5 Ng3+ 49.Kf3 Nxf5 50.Nc7 Rf4+
51.Ke2 Re4+ 52.Kf2 Rd4 53.Ra6 Rd2+ 54.Kf3 Nd4+ 55.Kg3 Ke4 56.Kh3 Nf5 57.Ra7 h6
58.Ra8 d4 59.Ne6 Rc2 60.g4 Rc3+ 61.Kh2 Nh4 62.Ra4 Nf3+ 63.Kg2 Ke3 64.Nxd4 Nxd4
65.Kg3 Rc6 66.Kh4 Rc5 67.Ra6 Nc6 68.Ra8 Ne5 69.Kh5 Nf7+ 70.Kg6 Ne5+ 71.Kxh6 Nxg4+
72.Kg6 Ne5+ 73.Kf5 Nd3+ 74.Ke6 Rb5 75.Kd6 Ne5 76.Ra4 Kd3 77.Ke6 Nc4 78.Ra1 Rh5
79.Rd1+ Ke4 80.Re1+ Ne3 81.Kd6 Kd4 82.Ke6 Rh6+ 83.Kf7 Nd5 84.Re6 Rh7+ 85.Kg6 Rh8
86.Re1 Rg8+ 87.Kf5 Rf8+ 88.Kg5 Nc7 89.Re7 Nd5 90.Re6 Rf2 91.Re8 Nf6 92.Re6 Ne4+
93.Kg6 Kd5 94.Ra6 Kd4 95.Ra4+ Kc3 96.Ra3+  1/2-1/2

[Event "7th IBC Limburg Open"]
[Site "Limburg NED"]
[Date "2013.05.17"]
[Round "1.7"]
[White "Johannessen,LE"]
[Black "Harff,M"]
[Result "1-0"]
[WhiteElo "2518"]
[BlackElo "2260"]

1.Nf3 Nf6 2.c4 c5 3.Nc3 g6 4.e4 Bg7 5.d4 cxd4 6.Nxd4 Nc6 7.Be3 d6 8.Be2 O-O
9.O-O Nxd4 10.Bxd4 Be6 11.f4 Qc8 12.Rc1 Bg4 13.e5 Bxe2 14.Qxe2 Nd7 15.Kh1 Re8
16.b4 a6 17.b5 dxe5 18.fxe5 f5 19.exf6 exf6 20.Qd3 axb5 21.cxb5 Ne5 22.Bxe5 Rxe5
23.Nd5 Qd8 24.Rfd1 Kh8 25.Qb3 Qg8 26.Nc7 Rxa2 27.Qf3 h5 28.Qxb7 Bh6 29.Rb1 h4
30.Qf3 Rf5 31.Qh3 Qc4 32.b6 Rb2 33.Qxf5 gxf5 34.Rxb2 Bf4 35.Nd5 Bb8 36.Rb4 Qe2
37.Rxh4+ Kg7 38.Rhd4 Qe5 39.Nf4 Qb5 40.Nd5 f4 41.R4d3 Qb2 42.Rf3 Be5 43.Rdf1 Qb5
44.Nxf4 Qxb6 45.Nh5+ Kh8 46.Nxf6 Qb2 47.Ng4 Bg7 48.Ne3 Qe5 49.Nf5 Bf8 50.Nh4  1-0

[Event "BSG Pinkstertoernooi 2013"]
[Site "Bussum NED"]
[Date "2013.05.18"]
[Round "3.21"]
[White "Theulings,PP"]
[Black "Verwoert,J"]
[Result "1/2-1/2"]
[WhiteElo "2130"]
[BlackElo "2016"]

1.Nf3 c5 2.c4 Nf6 3.Nc3 g6 4.g3 Bg7 5.Bg2 O-O 6.d4 cxd4 7.Nxd4 Nc6 8.O-O Nxd4
9.Qxd4 d6 10.Qd3 Nd7 11.b3 Nc5 12.Qd2 a5 13.Rd1 Bd7 14.Ba3 Bc6 15.Bxc6 bxc6
16.Bxc5 dxc5 17.Qxd8 Raxd8 18.Rxd8 Rxd8 19.Rd1 Rxd1+ 20.Nxd1 f5 21.f3 Kf7
22.e3 Ke6 23.Kf2 Kd6 24.Ke2 e6 25.Nf2 Bf6 26.Nd3 Bd8 27.e4 Bf6 28.g4 fxe4
29.fxe4 g5 30.h3 Be5 31.Ne1 Bf4 32.Nf3 e5 33.h4 h6 34.h5 Kd7 35.Ne1 Kd6 36.Nd3 Bh2
37.Kd2 Bg1 38.Kc2 Bd4 39.Nc1 Be3 40.Ne2 Bf4 41.Kb2 Kc7 42.Ka3 Kb6 43.Ka4 Ka6
44.Ng1 Kb6 45.Nf3 Ka6 46.Ne1 Be3 47.Nd3 Bd4 48.Ka3 Kb6 49.Nc1 Be3 50.Ne2 Bf4
51.Kb2 Kc7 52.Kc3 Kd6 53.a3 Kc7 54.b4 axb4+ 55.axb4 Kb6 56.bxc5+ Kxc5 57.Ng1 Be3
58.Nf3 Bf4 59.Ne1 Be3 60.Nd3+ Kd6 61.Kb4 Bd2+ 62.Ka4 Bc3 63.c5+ Ke6 64.Kb3 Bd4
65.Kb4 Kd7 66.Ka5 Kc7 67.Ka6 Bc3 68.Nc1 Bd2 69.Nb3 Bb4 70.Ka7 Ba3  1/2-1/2

[Event "Portuguese Team Cup 2012-13"]
[Site "Vila Nova de Famalicao POR"]
[Date "2013.05.19"]
[Round "2.3"]
[White "Andrade,B"]
[Black "Frois,A"]
[Result "0-1"]
[WhiteElo "2103"]
[BlackElo "2328"]

1.Nf3 Nf6 2.c4 g6 3.Nc3 c5 4.e3 Bg7 5.d4 O-O 6.Be2 d5 7.O-O cxd4 8.exd4 Nc6
9.h3 dxc4 10.Bxc4 Na5 11.Bd3 Be6 12.Qe2 Rc8 13.Re1 Re8 14.Bf4 Bc4 15.Rac1 Nd5
16.Be5 Bh6 17.Bxc4 Nxc4 18.Rcd1 Nxc3 19.bxc3 Qa5 20.Qe4 Nxe5 21.Nxe5 Rc7
22.c4 Bg7 23.c5 Rec8 24.Qd5 e6 25.Qb3 Qa6 26.Nc4 Rd8 27.Ne5 b6 28.cxb6 Qxb6
29.Qa4 h6 30.Re3 Qd6 31.Red3 Rdc8 32.Nf3 Qd5 33.Nd2 Rc2 34.a3 R8c7 35.Nf1 Ra2
36.Ne3 Qc6 37.Qb3 Re2 38.d5 exd5 39.Rxd5 Rb7 40.Qd3 Rbb2 41.Rf1 Qf6 42.Nd1 Ra2
43.Rd8+ Kh7 44.Rd7 Re7 45.Rd6 Qf4 46.g3 Qg5 47.h4 Qc5 48.Ra6 h5 49.a4 Ra3
50.Qd6 Qxd6 51.Rxd6 Rxa4 52.Ne3 Bd4 53.Nd5 Rb7 54.Rd1 Kg7 55.Nf4 Be5 56.Rd7 Rxd7
57.Rxd7 Bxf4 58.gxf4 Rxf4 59.Rxa7 Rxh4 60.Kg2 Rb4 61.Kg3 g5 62.Ra6 f6 63.Ra5 Kg6
64.Rc5 Rb3+ 65.Kg2 g4 66.Ra5 h4 67.Rc5 f5 68.Rc4 Kg5 69.Ra4 Rb2 70.Kg1 h3
71.Rc4 h2+ 72.Kxh2 Rxf2+ 73.Kg1 g3 74.Rb4 f4 75.Ra4 Kg4 76.Ra7 Rb2 77.Kf1 Rb1+
78.Ke2 f3+  0-1